| 000 | 00577pam a2200193 a 4500 | ||
|---|---|---|---|
| 999 |
_c130396 _d130396 |
||
| 001 | 3925598 | ||
| 005 | 20230325092536.0 | ||
| 008 | 920713s1994 paua b 001 0 eng c | ||
| 020 | _a0721636837 | ||
| 040 | _cPK-LaUMT | ||
| 082 | 0 | 0 |
_a616.9924907572 _220 _bPRU-A |
| 100 | 1 | _aPrue, Lucinda K. | |
| 245 | 1 | 0 |
_aAtlas of mammographic positioning / _cby Lucinda K. Prue |
| 260 |
_aPhiladelphia : _bSaunders, _c1994 |
||
| 300 |
_axii, 175 p. : _bill. ; _c27 cm. |
||
| 650 | 0 |
_aBreast _xRadiography _xPositioning _xAtlases. |
|
| 650 | 2 |
_aMammography _xmethods _xatlases. |
|
| 942 | _cBK | ||